000 00716nam a2200229Ia 4500
005 20241129111332.0
008 241129s9999||||xx |||||||||||||| ||und||
020 _a978-90-04-49884-6
037 _aTB
040 _aCRL
_beng
_cCRL
041 _aeng
_2eng
084 _aO157,1M61:g 111R2
_qCRL
100 _aGhosh Amrita Ed.; Redwine Elizabeth Brewer Ed.
_9724118
245 0 _aTagore and Yeats: a postcolonial re-envisioning
_cGhosh Amrita Ed.; Redwine Elizabeth Brewer Ed.
260 _aLeiden, UK
_bLeiden
_c2022
300 _axviii,220p.
365 _aEURO
_b99
490 _aCross/ cultures
650 _aBengali Poetry
942 _cTB
_hO157,1M61:g 111R2
999 _c1229981
_d1229981